| 000 | 00446pam a2200169 a 4500 | ||
|---|---|---|---|
| 020 | _a0070247676 (alk. paper) | ||
| 040 | _cDLC | ||
| 082 | 0 | 0 | _a301 MCG 1999 A017 Or. |
| 100 | 1 | _aGelles, Richard J. | |
| 245 | 1 | 0 |
_aSociology : _ban introduction / |
| 250 | _aEd. 6. | ||
| 260 |
_aBoston : _bMcGraw-Hill College, _cc1999. |
||
| 300 |
_axxv, 710 p. : _bill. (some col.) ; _c26 cm. |
||
| 650 | 0 | _aSociology. | |
| 700 | 1 | _aLevine, Ann. | |
| 942 | _cEK | ||
| 999 |
_c11830 _d11830 |
||